Statistiques concernant Quiz sur le Yémen

Cliquez ici pour prendre le quiz!

Statistiques générales

  • Ce quiz a été pris 2 331 fois
  • Le résultat moyen est 12 sur 20

Statistiques - réponses

QuestionRéponse% Correct
Pays frontaliersArabie Saoudite
98%
Pays frontaliersOman
98%
Langue officielleArabe
97%
Religion la plus pratiquéeIslam
96%
Pays africain le plus proche, à 20 kmDjibouti
86%
Le Yémen était autrefois le territoire
le plus au sud de cet empire turc
Empire Ottoman
85%
Mer à l'ouest du paysMer Rouge
84%
CapitaleSanaa
83%
La quasi-totalité des juifs du Yémen
s'est enfuie vers ce pays lors de
l'opération clandestine « Tapis volant »
Israël
75%
Abolie en 1962, cette pratique
reste pourtant d'actualité
Esclavage
52%
Boisson aujourd'hui très répandue qui
proviendrait originellement du Yémen
Café
48%
Plus grand port du Yémen,
donnant son nom à un golfe
Aden
45%
Royaume biblique situé au Yémen
dont la Reine aurait rencontré Salomon
Saba
36%
Groupe armé chiite qui contrôle
la vaste majorité de l'ouest du pays
H{outhis}
34%
Ethnie traditionnellement nomade vivant
notamment dans les déserts du Yémen
Bédouins
32%
Ce que sont les dragonniers,
espèce endémique de cette île
Arbres
31%
Détroit qui relie ce golfe et cette merBab-el-{Mandeb}
30%
Plus grande îleSocotra
29%
Arbuste principalement cultivé au Yémen
dont les feuilles ont un effet stupéfiant
Khat
17%
Ce que Yémen signifie dans cette langue,
dû à sa position sur les cartes locales
Droite
14%

Distribution des résultats

Percentile par nombre de réponses

% des personnes avec chaque résultat

Votre développement - résultats

Vous n’avez pas pris ce quiz